Rekordziści Polski w skokach narciarskich - Statystyki

Ogólne statystyki
  • Ten quiz został rozwiązany 32 razy
  • Średni wynik to 26 z 59
Statystyki odpowiedzi
Rok Odległość Miejscowość Skoczek narciarski % Poprawnych
2013 232,5 m Vikersund Kamil Stoch
100%
2015 238,0 m Planica Kamil Stoch
100%
2017 251,5 m Planica Kamil Stoch
100%
2001 206,5 m Harrachov Adam Małysz
97%
2001 212,0 m Planica Adam Małysz
97%
2001 212,5 m Planica Adam Małysz
97%
2001 218,5 m Planica Adam Małysz
97%
2001 219,5 m Planica Adam Małysz
97%
2002 223,5 m Planica Adam Małysz
97%
2003 225,0 m Planica Adam Małysz
97%
2011 230,5 m Vikersund Adam Małysz
97%
2012 232,5 m Vikersund Piotr Żyła
97%
2017 243,0 m Vikersund Piotr Żyła
97%
2017 245,5 m Vikersund Piotr Żyła
97%
2001 201,5 m Harrachov Robert Mateja
74%
1979 149,0 m Planica Piotr Fijas
71%
1979 166,0 m Planica Piotr Fijas
71%
1985 168,0 m Harrachov Piotr Fijas
71%
1986 171,0 m Tauplitz Piotr Fijas
71%
1986 172,0 m Tauplitz Piotr Fijas
71%
1986 180,0 m Tauplitz Piotr Fijas
71%
1987 189,0 m Planica Piotr Fijas
71%
1987 194,0 m Planica Piotr Fijas
71%
1934 72,0 m Zakopane Stanisław Marusarz
71%
1934 74,0 m Zakopane Stanisław Marusarz
71%
1935 87,5 m Planica Stanisław Marusarz
71%
1935 92,0 m Planica Stanisław Marusarz
71%
1935 95,0 m Planica Stanisław Marusarz
71%
1985 169,0 m Harrachov Tadeusz Fijas
71%
1959 114,0 m Planica Władysław Tajner
32%
1928 60,5 m Sankt Moritz Bronisław Czech
16%
1928 62,5 m Sankt Moritz Bronisław Czech
16%
1929 63,0 m Zakopane Bronisław Czech
16%
1957 113,5 m Planica Andrzej Gąsienica Daniel
10%
1962 123,0 m Tauplitz Antoni Łaciak
10%
1923 38,0 m Grindenwald Andrzej Krzeptowski
6%
1969 143,0 m Planica Józef Przybyła
6%
1925 39,0 m Zakopane Stanisław Gąsienica-Sieczka
6%
1926 42,0 m Wengen Stanisław Gąsienica-Sieczka
6%
1927 42,5 m Novy Svet Stanisław Gąsienica-Sieczka
6%
1927 45,0 m Cortina d’Ampezzo Stanisław Gąsienica-Sieczka
6%
1928 58,0 m Sankt Moritz Stanisław Gąsienica-Sieczka
6%
1928 63,0 m Pontresina Stanisław Gąsienica-Sieczka
6%
1929 66,0 m Zakopane Stanisław Gąsienica-Sieczka
6%
1921 22,0 m Dolina Jaworzynka Aleksander Rozmus
3%
1922 27,0 m Dolina Jaworzynka Aleksander Rozmus
3%
1923 30,5 m Dolina Jaworzynka Aleksander Rozmus
3%
1928 56,5 m Sankt Moritz Aleksander Rozmus
3%
1948/1955 101,0 m Planica Antoni Wieczorek
3%
1929 63,0 m Zakopane Franciszek Cukier
3%
1922 27,0 m Szumawa Henryk Mückenbrunn
3%
1923 38,0 m Szumawa Henryk Mückenbrunn
3%
1967 133,0 m Vikersund Józef Kocyan
3%
1927 47,0 m Zakopane Józef Lankosz
3%
1927 49,5 m Zakopane Józef Lankosz
3%
1920 14,0 m Zakopane Leszek Pawłowski
3%
1962 128,0 m Tauplitz Piotr Wala
3%
1926 40,5 m Zakopane Tadeusz Zaydel
3%
1959 116,0 m Tauplitz Zdzisław Hryniewiecki
3%
Nie znaleziono quizów pasujących do podanych kryteriów
Rozkład punktacji
Procent ludzi z każdym wynikiem
Percentyl według liczby udzielonych odpowiedzi
Twoja historia wyników
Nie rozwiązałeś tego quizu